| 000 | 00600cam a22002291 4500 | ||
|---|---|---|---|
| 001 | sa 68000497 | ||
| 003 | DLC | ||
| 005 | 20260227112424.0 | ||
| 008 | 890428s1967 ii 000 0 hino | ||
| 010 | _asa 68000497 | ||
| 035 | _a(OCoLC)19620184 | ||
| 040 |
_aDLC _cWaU _dDLC |
||
| 042 | _apremarc | ||
| 043 | _aa-ii--- | ||
| 050 | 0 | 0 |
_aPK2098.J244 _bV9 |
| 100 | 1 |
_aJain, Mishri Mal, _d1915- |
|
| 245 | 1 | 0 | _aVyaṅgya satasaī. |
| 260 | _c[1967] | ||
| 300 |
_a3, 3, 4, 100, 8 p. _c19 cm. |
||
| 500 | _aIn Hindi. | ||
| 651 | 0 |
_aIndia _xPolitics and government _xAnecdotes, facetiae, satire, etc. |
|
| 999 |
_c77250 _d77250 |
||